| 000 | 00487 a2200157 4500 | ||
|---|---|---|---|
| 020 | _a9780545702867 (pbk) | ||
| 041 | _aspa | ||
| 100 | 1 | 0 | _aFindley, Violet. |
| 245 | 1 | 0 | _aColas, colas, colas / Violet Findley ; translated by Eida de la Vega. |
| 260 | _aNew York : Scholastic, c2011 | ||
| 300 |
_a8 pages : color illustrations ; _c14 cm x 14 cm |
||
| 440 | _aPrimer lector de ciencia: D | ||
| 500 | _aTranslation of: Tails, tails, tails | ||
| 700 | 1 | 0 | _aVega, Eida de la. |
| 942 | _cBK | ||
| 999 |
_c21576 _d21576 |
||